Large scale integration LSI

Kaydedildi:
Detaylı Bibliyografya
Yazar: Altman, Laurence (Yazar)
Materyal Türü: Kitap
Dil:İngilizce
Baskı/Yayın Bilgisi: Nueva York McGraw-Hill 1976
Seri Bilgileri:Electronics Book Series
Konular:
Etiketler: Etiketle
Etiket eklenmemiş, İlk siz ekleyin!

MARC

LEADER 00000nam a2200000 a 4500
001 UCU5492
003 CL-VaPUC
008 960604e19760000US |||||||||||||||||eng|d
082 0 4 |a 621.381  |b ALT  |2 21 
100 0 |a Altman, Laurence  |e author  |9 363491 
245 1 0 |a Large scale integration LSI 
300 |a 208 p 
942 |c BK 
945 |d 19960604 00:00:00  |a cmena 
260 |a Nueva York  |b McGraw-Hill  |c 1976 
650 0 |a Electricidad  |9 260222 
650 0 |a Circuitos lógicos   |9 263161 
650 0 |a Microcomputadores  |9 263190 
650 0 |a Circuitos integrados   |9 260673 
650 0 |a Tecnología electrónica  |9 334386 
650 7 |a PROGRAMAS DE COMPUTADOR  |2 CL-VaPUC  |9 262390 
650 0 |a Software  |9 387312 
583 |a last modification  |c 19960604 00:00:00  |k Rodrigo Vera 
490 0 |a Electronics Book Series 
999 |c 248829  |d 248827 
952 |0 0  |1 0  |4 0  |6 621_381000000000000_ALT_1976  |7 0  |8 A  |9 265718  |a BIBING  |b BIBING  |d 2019-11-19  |i 1675559  |o 621.381 ALT 1976  |p 1675559  |r 2025-01-20  |w 2019-11-19  |y BK  |k EIE 
952 |0 0  |1 0  |4 0  |6 621_381000000000000_ALT_1976  |7 0  |8 A  |9 265719  |a BIBING  |b BIBING  |d 2019-11-19  |i 1675656  |o 621.381 ALT 1976  |p 1675656  |r 2025-01-20  |w 2019-11-19  |y BK  |k ING